Research methodology in geography / (Record no. 2510)
[ view plain ]
| 000 -LEADER | |
|---|---|
| fixed length control field | 00673nam a2200217 a 4500 |
| 003 - CONTROL NUMBER IDENTIFIER | |
| control field | BD-DhJNU |
| 005 - DATE AND TIME OF LATEST TRANSACTION | |
| control field | 20260112043541.0 |
| 008 - FIXED-LENGTH DATA ELEMENTS--GENERAL INFORMATION | |
| fixed length control field | 251001s2002 ii a b 001 0 eng |
| 020 ## - INTERNATIONAL STANDARD BOOK NUMBER | |
| International Standard Book Number | 817033425X |
| 040 ## - CATALOGING SOURCE | |
| Original cataloging agency | BD-DhJNU |
| Language of cataloging | ENG |
| Transcribing agency | BD-DhJNU |
| Modifying agency | BD-DhJNU |
| 082 00 - DEWEY DECIMAL CLASSIFICATION NUMBER | |
| Classification number | 910.72 RES |
| Edition number | 23 |
| 245 10 - TITLE STATEMENT | |
| Title | Research methodology in geography / |
| Statement of responsibility, etc. | Edited by H.N. Misra and Vijai P. Singh |
| 250 ## - EDITION STATEMENT | |
| Edition statement | 5th ed. |
| 260 ## - PUBLICATION, DISTRIBUTION, ETC. | |
| Place of publication, distribution, etc. | New Delhi : |
| Name of publisher, distributor, etc. | Rawat Publications, |
| Date of publication, distribution, etc. | 2002. |
| 300 ## - PHYSICAL DESCRIPTION | |
| Extent | 474 p. : |
| Other physical details | ill. ; |
| Dimensions | 22 cm. |
| 504 ## - BIBLIOGRAPHY, ETC. NOTE | |
| Bibliography, etc. note | Includes bibliographical references and index. |
| 650 #0 - SUBJECT ADDED ENTRY--TOPICAL TERM | |
| Topical term or geographic name entry element | Research methodology |
| 700 1# - ADDED ENTRY--PERSONAL NAME | |
| Personal name | Misra, H.N. |
| Relator term | Editor |
| 700 1# - ADDED ENTRY--PERSONAL NAME | |
| Personal name | Singh, Vijai P. |
| Relator term | Editor |
| 942 ## - ADDED ENTRY ELEMENTS (KOHA) | |
| Koha item type | Books |
| Withdrawn status | Lost status | Source of classification or shelving scheme | Damaged status | Not for loan | Collection | Home library | Current library | Shelving location | Date acquired | Source of acquisition | Total checkouts | Full call number | Barcode | Date last seen | Copy number | Price effective from | Koha item type |
|---|---|---|---|---|---|---|---|---|---|---|---|---|---|---|---|---|---|
| Dewey Decimal Classification | Non-fiction | Jagannath University Central Library | Jagannath University Central Library | General stacks | 01/12/2026 | Purchased | 910.72 RES | JNUCL17257 | 01/12/2026 | 1 | 01/12/2026 | Books |